Alle Teilnehmerinnen der „Mädchen WG“ - Statistiken

Allgemein
  • Dieses Quiz wurde 39 mal gespielt
  • Das Durchschnittsergebnis liegt bei 12 aus 39
Antwortstatistiken
Antwort % Korrekt
Louisa
61%
Anna
56%
Ella
50%
Emma
50%
Feli
50%
Luna
50%
Maja
44%
Alina
42%
Janina
42%
Jolina
42%
Kaya
42%
Lisa
42%
Alexa
39%
Antonia
36%
Hanna
36%
Lilly
36%
My
36%
Angelina
33%
Clara
33%
Farina
33%
Serena
33%
Bianca
31%
Weya
31%
Cora
28%
Hilla
28%
Chantal
25%
Leona
25%
Luise
25%
Pauline
25%
Felicia
22%
Greta
22%
Sienna
17%
Karima
14%
Mailin
14%
Trang
14%
Jafait
11%
Biany
8%
Florentine
8%
Maxime
8%
Keine übereinstimmenden Quizze gefunden
Verteilung der Resultate
Anzahl Personen mit jedem Resultat
Perzentil nach korrekt beantworteten Fragen
Ihre Resultats-Entwicklung
Sie haben dieses Quiz noch nicht gespielt